| 000 | 00411nam a22001577a 4500 | ||
|---|---|---|---|
| 999 |
_c8022 _d8020 |
||
| 005 | 20220616150132.0 | ||
| 008 | 220616b ||||| |||| 00| 0 eng d | ||
| 020 | _a97815-43346-24-4 | ||
| 041 | _aeng | ||
| 100 |
_aSAHARE, ATISH VADAORAO _97315 |
||
| 245 | _aMODERN CONCEPTS IN COMMUNITY PHARMACY AND MANAGEMENT | ||
| 260 | _bS.VIKAS AND COMPANY | ||
| 300 | _a143; P | ||
| 650 |
_aPHARMACY _97316 |
||
| 942 | _cBK | ||